|
|
|
|
| LEADER |
00000nam a2200000 a 4500 |
| 001 |
vtls010659321 |
| 003 |
SK-MaSNL |
| 005 |
20260301090944.0 |
| 008 |
240318s1963 xo h f 2 000 0dslo |
| 020 |
|
|
|q (brož.)
|
| 040 |
|
|
|a SNK
|b slo
|c SNK
|e AACR2
|
| 041 |
0 |
|
|a slo
|b rus
|
| 044 |
|
|
|a xo
|c SK
|
| 072 |
|
7 |
|a 80
|x Filológia
|2 konspekt
|
| 072 |
|
7 |
|a 929
|x Biografie
|2 konspekt
|
| 080 |
|
|
|a [80(=16)+908(4)]-051
|2 2001
|
| 080 |
|
|
|a 80(=16)+908(4)
|2 2001
|
| 080 |
|
|
|a (437.6)
|2 2001
|
| 080 |
|
|
|a (04)
|2 2001
|
| 100 |
1 |
|
|a Laciok, Miroslav,
|d 1937-
|4 aut
|9 241553
|
| 245 |
1 |
0 |
|a Slovenský slavista Juraj Ribay
|b (z dejín slovenskej slavistiky v počiatkoch slovenského národného obrodenia) : [separátny výtlačok]
|c Miroslav Laciok
|
| 260 |
|
|
|a Bratislava
|b Vydavateľstvo Slovenskej akadémie vied
|c 1963
|
| 300 |
|
|
|a S. 120-134
|b faks.
|c 24 cm
|
| 500 |
|
|
|a Separát z: Jazykovedný časopis XIV, 1963, č. 2
|
| 546 |
|
|
|a Res. rus.
|
| 600 |
1 |
7 |
|a Ribay, Juraj,
|d 1754-1812
|2 SNKMA
|9 106129
|
| 648 |
|
7 |
|a 18.-19. stor.
|2 SNKPH
|9 299191
|
| 650 |
0 |
7 |
|a slavisti
|z Slovensko
|2 SNKPH
|9 419532
|
| 650 |
0 |
7 |
|a slavistika
|2 SNKPH
|9 4282
|
| 655 |
|
7 |
|a separáty
|2 SNKPH
|9 70334
|
| 958 |
|
|
|a OND
|
| 999 |
|
|
|c 669692
|d 671622
|
| 952 |
|
|
|a SNK
|b SNK
|y PREZ
|7 0
|p 17A1121554
|o snkSC 163544
|i snk2015/8096
|8 1
|0 0
|1 0
|4 0
|d 2015-03-09
|l 0
|r 2025-08-27 00:00:00
|w 2026-02-23
|